000 00945nam a2200277 a 4500
001 BRCA_5077
005 20190320204929.0
008 101110s1954----u--a######---#000-0#eng-#
041 _aeng
044 _au
050 4 _aND623
_b.A78 2
_c1954
245 1 0 _aThe Art Quarterly
_cedited by W. R. Valentiner and E. P. Richardson ; associate editor Paul L. Grigaut.
260 _aDetroit, Michigan
_bThe Detroit Institute of Arts
_c1954
300 _a96 p.
_bil.
_c28 cm.
500 _aVol. XVII, Núm. 1, primavera, 1954
500 _aIncluye recientes adquisiciones de importantes colecciones americanas
500 _aRevista inventariada por Banco de México como libro
500 _aEjemplar igual a D110
500 _aD110A
650 1 4 _aPintores italianos
_97654
700 1 _aValentiner, W. R.
_eEditor
_912945
700 1 _aRichardson, E. P.
_eEditor
_912946
700 1 _aGrigaut, Paul L.
_912947
902 _aGFM
942 _2lcc
_cB
999 _c4771
_d4771